The limnology, climatology and paleoclimatology of the East African lakes / (Record no. 7432)
[ view plain ]
| 000 -LEADER | |
|---|---|
| fixed length control field | 01943cam a2200397 a 4500 |
| 001 - CONTROL NUMBER | |
| control field | 11801019 |
| 003 - CONTROL NUMBER IDENTIFIER | |
| control field | OSt |
| 005 - DATE AND TIME OF LATEST TRANSACTION | |
| control field | 20211110111509.0 |
| 008 - FIXED-LENGTH DATA ELEMENTS--GENERAL INFORMATION | |
| fixed length control field | 991001s1996 ne ab b 100 0 eng d |
| 010 ## - LIBRARY OF CONGRESS CONTROL NUMBER | |
| LC control number | 99458376 |
| 020 ## - INTERNATIONAL STANDARD BOOK NUMBER | |
| International Standard Book Number | 2884492348 |
| 035 ## - SYSTEM CONTROL NUMBER | |
| System control number | (OCoLC)ocm35846220 |
| 040 ## - CATALOGING SOURCE | |
| Original cataloging agency | GZM |
| Transcribing agency | DDC |
| Modifying agency | IQU |
| -- | DLC |
| 042 ## - AUTHENTICATION CODE | |
| Authentication code | lccopycat |
| 043 ## - GEOGRAPHIC AREA CODE | |
| Geographic area code | fe----- |
| 050 00 - LIBRARY OF CONGRESS CALL NUMBER | |
| Classification number | QH195.A23 |
| Item number | L56 1996 |
| 082 00 - DEWEY DECIMAL CLASSIFICATION NUMBER | |
| Classification number | 511.48LIM 1996 |
| Edition number | 21 |
| 245 04 - TITLE STATEMENT | |
| Title | The limnology, climatology and paleoclimatology of the East African lakes / |
| Statement of responsibility, etc. | edited by Thomas C. Johnson and Eric O. Odada ; with the assistance of Katherine T. Whittaker. |
| 260 ## - PUBLICATION, DISTRIBUTION, ETC. (IMPRINT) | |
| Place of publication, distribution, etc. | The Netherlands : |
| Name of publisher, distributor, etc. | Gordon and Breach Science Publishers, |
| Date of publication, distribution, etc. | c1996. |
| 300 ## - PHYSICAL DESCRIPTION | |
| Extent | xii, 664 p. : |
| Other physical details | ill., maps ; |
| Dimensions | 26 cm. |
| 500 ## - GENERAL NOTE | |
| General note | "Results of scientific investigations ... presented at the IDEAL (International Decade for the East African Lakes) Symposium on the Limnology, Climatology and Paleoclimatology of the East African Lakes, at Jinja, Uganda, in February 1993"--P. xii. |
| 504 ## - BIBLIOGRAPHY, ETC. NOTE | |
| Bibliography, etc | Includes bibliographical references. |
| 650 #0 - SUBJECT ADDED ENTRY--TOPICAL TERM | |
| Topical term or geographic name as entry element | Limnology |
| Geographic subdivision | Africa, East |
| Form subdivision | Congresses. |
| 9 (RLIN) | 15221 |
| 650 #0 - SUBJECT ADDED ENTRY--TOPICAL TERM | |
| Topical term or geographic name as entry element | Lake ecology |
| Geographic subdivision | Africa, East |
| Form subdivision | Congresses. |
| 9 (RLIN) | 15222 |
| 650 #0 - SUBJECT ADDED ENTRY--TOPICAL TERM | |
| Topical term or geographic name as entry element | Paleoclimatology |
| Geographic subdivision | Africa, East |
| Form subdivision | Congresses. |
| 9 (RLIN) | 15223 |
| 650 #0 - SUBJECT ADDED ENTRY--TOPICAL TERM | |
| Topical term or geographic name as entry element | Lakes |
| Geographic subdivision | Africa, East |
| Form subdivision | Congresses. |
| 9 (RLIN) | 15224 |
| 651 #0 - SUBJECT ADDED ENTRY--GEOGRAPHIC NAME | |
| Geographic name | Africa, East |
| General subdivision | Climate |
| Form subdivision | Congresses. |
| 9 (RLIN) | 15225 |
| 700 1# - ADDED ENTRY--PERSONAL NAME | |
| Personal name | Johnson, Thomas C. |
| 9 (RLIN) | 15226 |
| 700 1# - ADDED ENTRY--PERSONAL NAME | |
| Personal name | Odada, Eric O. |
| Fuller form of name | (Eric Onyango) |
| 9 (RLIN) | 15227 |
| 700 1# - ADDED ENTRY--PERSONAL NAME | |
| Personal name | Whittaker, Katherine T. |
| 9 (RLIN) | 15228 |
| 710 2# - ADDED ENTRY--CORPORATE NAME | |
| Corporate name or jurisdiction name as entry element | International Decade for the East African Lakes. |
| 9 (RLIN) | 15229 |
| 711 2# - ADDED ENTRY--MEETING NAME | |
| Meeting name or jurisdiction name as entry element | IDEAL Symposium on the Limnology, Climatology and Paleoclimatology of the East African Lakes |
| Date of meeting | (1993 : |
| Location of meeting | Jinja, Uganda) |
| 9 (RLIN) | 15230 |
| 906 ## - LOCAL DATA ELEMENT F, LDF (RLIN) | |
| a | 7 |
| b | cbc |
| c | copycat |
| d | 2 |
| e | ncip |
| f | 19 |
| g | y-gencatlg |
| 942 ## - ADDED ENTRY ELEMENTS (KOHA) | |
| Source of classification or shelving scheme | Dewey Decimal Classification |
| Koha item type | Open Shelf |
| Withdrawn status | Lost status | Source of classification or shelving scheme | Damaged status | Not for loan | Home library | Current library | Date acquired | Source of acquisition | Inventory number | Total Checkouts | Full call number | Barcode | Date last seen | Price effective from | Koha item type |
|---|---|---|---|---|---|---|---|---|---|---|---|---|---|---|---|
| Dewey Decimal Classification | MUST Main Library | MUST Main Library | 10/11/2021 | Purchase | 07/29131 | 511.48LIM 1996 | 2021-1628 | 10/11/2021 | 10/11/2021 | Open Shelf |
